Responses for Show #5913 - Wednesday, May 5, 2010

2009-2010 Million Dollar Celebrity Invitational semifinal game 3.

Contestants

[<< previous game]

Cheech Marin, an actor, comedian, director, writer and musician from Lost

Jane Kaczmarek, a TV, film and Broadway actress from Malcolm in the Middle and Raising the Bar

Neil Patrick Harris, an actor from How I Met Your Mother

[next game >>]

Jeopardy! Round responses

STATE THE STATE
ELVIS LYRICS
DOLLARS & NONSENSE
MIDDLE NAME, PLEASE
PICKLES
"V" LIKE 7-LETTER WORDS
    $200 21
(Jane: Where is Detroit?)

Michigan

NeilJane
    $200 5
"Blue Suede Shoes"

Jane
    $200 26
bridge to nowhere

Cheech
    $200 9
Grover

Cheech
    $200 12
peppers

Neil
    $200 1
variety

Neil
    $400 22
Louisiana

Jane
    $400 6
"Heartbreak Hotel"

Neil
    $400 27
Paul McCartney

Neil
    $400 17
Rosalynn

Jane
    $400 13
dill

Jane
    $400 2
vampire

Neil
    $600 23
Wyoming

Triple Stumper
    $600 8
"Jailhouse Rock"

Neil
    $600 28
AIG

Jane
    $600 18
Neil

Neil
    $600 14
kimchi

Cheech
    $600 3
vulture

Cheech
    $800 24
Arizona

Cheech
    $800 10
"All Shook Up"

Triple Stumper
    $800 29
San Simeon (or the Hearst Castle)

Cheech
    $800 19
Dale

Neil
    $800 15
ginger

Neil
    $800 4
(Neil: What is veneer?)

varnish

NeilCheech
    $1,000 25
Florida

Cheech
    $1000 11
"In The Ghetto"

Cheech
    $1000 30
Howard Hughes

Cheech
    $1000 20
Neville Chamberlain

Jane
    $1000 16
H.J. Heinz

Triple Stumper
    $1000 7
valiant

Jane

Scores at the first commercial break (after clue 15):

Neil Jane Cheech
$1,800 $1,600 $3,200

Scores at the end of the Jeopardy! Round:

Neil Jane Cheech
$3,800 $3,800 $7,000

Double Jeopardy! Round responses

THAT'S HOT!
MOVIE TITLE FILL IN THE BLANK
(Alex: You have to give us the one word that is common to both titles.)
AT THE ZOO
WHAT ARE YOU, YELLOW?
MAYORS
RHYME TIME
    $400 6
Canada

Cheech
    $400 1
Princess

Neil
    $400 11
the giraffe

Neil
    $400 25
Peeps

Neil
    $400 26
Sonny Bono

Cheech
    $400 12
the chief thief

Triple Stumper
    $800 7
Antarctica

Jane
    $800 2
(Jane: What is Love?)

Up

JaneCheech
    $800 17
a lizard

Triple Stumper
    $800 24
a buttercup

Triple Stumper
    $800 27
Dianne Feinstein

Jane
    $3,400 13
a shock jock

Neil
    $1200 8
New Zealand

Cheech
    $1200 3
(Neil: What is Mind?)

Man

NeilJane
    $1200 18
aviary

Cheech
    $1200 21
tiger

Cheech
    $5,000 28
Boston

Jane
    $1200 14
a stun gun

Jane
    $1600 9
Israel

Triple Stumper
    $1600 4
Young

Jane
    $1600 19
monkey

Neil
    $1600 22
New Mexico

Neil
    $1600 29
Detroit

Jane
    $1600 15
near beer

Neil
    $2000 10
the Philippines

Triple Stumper
    $2000 5
Station

Triple Stumper
    $2000 20
bears

Cheech
    $2000 23
(Jane: What is tuna?)

the snapper

Jane
Triple Stumper
    $2000 30
LaGuardia

Cheech
    $2000 16
Tora Bora

Jane

Scores at the end of the Double Jeopardy! Round:

Neil Jane Cheech
$12,000 $15,200 $16,200

[wagering suggestions for these scores]

Final Jeopardy! Round responses

MOVIE HISTORY
(Alex: As a matter of fact, those sets were burned down just a few blocks away from here.)
...
(Alex: Cheech, come on over here. What a great game, and now let's find out who you'll be playing against in the final which gets underway tomorrow. Here they are.)
(Jane Curtin: Jane Curtin, U.S. fund for UNICEF.)
(Michael: Michael McKean, the International Myeloma Foundation.)
NeilWhat is Gone with the Wind?
$12,000
JaneWhat is Gone with the Wind
$1,001
CheechWhat is Gone With the Wind
$15,000
Gone with the Wind

Final scores:

Neil Jane Cheech
$24,000 $16,201 $31,200
2nd place: an additional $50,000 to Food On Foot 3rd place: an additional $50,000 to Clothes Off Our Back Finalist

Game dynamics:

Coryat scores:

Neil Jane Cheech
$9,400 $11,400 $16,200
17 R
(including 1 DD),
2 W
15 R
(including 1 DD),
3 W
18 R
(including 1 DD),
0 W

Combined Coryat: $37,000

[game clues] [game scores] [suggest correction]

Game tape date: 2010-04-17
The J! Archive is created by fans, for fans. Scraping, republication, monetization, and malicious use prohibited; this site may use cookies and collect identifying information. See terms. The Jeopardy! game show and all elements thereof, including but not limited to copyright and trademark thereto, are the property of Jeopardy Productions, Inc. and are protected under law. This website is not affiliated with, sponsored by, or operated by Jeopardy Productions, Inc. Join the discussion at JBoard.tv.